| 000 | 00624cam a2200205 a 4500 | ||
|---|---|---|---|
| 001 | 1898502 | ||
| 005 | 20180315110346.0 | ||
| 008 | 850822s1985 nyua 000 0 eng | ||
| 010 | _a 84062389 | ||
| 020 |
_a0688039693 : _c$15.00 |
||
| 040 |
_aDLC _cDLC _dDLC |
||
| 041 | _aeng | ||
| 080 | _a658.4092 KEN | ||
| 082 | 0 | 0 |
_a658.4092 KEN _219 |
| 100 | 1 | _a54 | |
| 101 | _aLEA | ||
| 245 | 1 | 0 |
_aLeadership and the one minute manager : _cKenneth Blanchard, Patricia Zigarmi, Drea Zigarmi. |
| 906 |
_a7 _bcbc _corignew _d3 _eopcn _f19 _gy-gencatlg |
||
| 942 |
_2ddc _cBK |
||
| 999 |
_c45184 _d45184 |
||